Statistics for Skylanders Giants Skylanders

Click here to take the quiz!

General Stats

  • This quiz has been taken 44 times
  • The average score is 13 of 16

Answer Stats

HintAnswer% Correct
UndeadEye Brawl
95%
TechBouncer
92%
EarthCrusher
92%
AirSwarm
92%
LifeTree Rex
92%
FireHot Head
89%
MagicNinjini
89%
FireHot Dog
86%
WaterThumpback
86%
AirJet Vac
73%
WaterChill
70%
LifeShroomboom
70%
MagicPop Fizz
68%
TechSprocket
68%
EarthFlashwing
62%
UndeadFright Rider
57%

Score Distribution

Percentile by Number Answered

Percent of People with Each Score

Your Score History

You have not taken this quiz